Pokémon: Septième Génération - Statistiques

Statistiques générales
  • Ce quiz a été pris 7 fois
  • Le résultat moyen est 75 sur 88
Statistiques - réponses
Types Catégories Pokémons Numéros % Correct
PlanteSpectre Plumeflèche Archéduc 0724
100%
AcierVol Décollage Bamboiselle 0797
100%
NormalVol Canon Bazoucan 0733
100%
Dragon Écailles Bébécaille 0782
100%
InsecteFée Bombyle Bombydou 0742
100%
FeuDragon Tortue Boum Boumata 0776
100%
PlanteVol Plumefeuille Brindibou 0722
100%
InsecteÉlectrik Batterie Chrysapile 0737
100%
Psy Nébuleuse Cosmog 0789
100%
Combat Boxeur Crabagarre 0739
100%
CombatGlace Crabe Velu Crabominable 0740
100%
Normal Rêveur Dodoala 0775
100%
NormalDragon Nonchalant Draïeul 0780
100%
DragonCombat Écailles Écaïd 0783
100%
PlanteVol Plum'acérée Efflèche 0723
100%
DragonCombat Écailles Ékaïser 0784
100%
TénèbresDragon Bizarrovore Engloutyran 0799
100%
Feu Chat Feu Flamiaou 0725
100%
Fée Tressefleur Guérilande 0764
100%
Roche Loup Lougaroc 0745
100%
InsecteÉlectrik Scarabée Lucanon 0738
100%
PsySpectre Halo Lunaire Lunala 0792
100%
Feu Chat Feu Matoufeu 0726
100%
Acier Écrou Melmetal 0809
100%
Acier Écrou Meltan 0808
100%
RocheVol Météore Météno 0774
100%
SpectreFée Fantômasque Mimiqui 0778
100%
EauFée Soliste Oratoria 0730
100%
Eau Otarie Otaquin 0728
100%
Eau Starlette Otarlette 0729
100%
NormalVol Pivert Picassaut 0731
100%
PsyAcier Halo Solaire Solgaleo 0791
100%
InsecteEau Cavaleur Sovkipou 0767
100%
EauInsecte Aquabulle Tarenbulle 0752
100%
ÉlectrikAcier Roulenboule Togedemaru 0777
100%
EauFée Tutélaire Tokopisco 0788
100%
PsyFée Tutélaire Tokopiyon 0786
100%
PlanteFée Tutélaire Tokotoro 0787
100%
SpectreSol Châtod'Sable Trépassable 0770
100%
PoisonFeu Toxilézard Tritox 0757
100%
RocheAcier Muraille Ama-Ama 0805
80%
EauInsecte Aquabulle Araqua 0751
80%
Sol Cheval Trait Bourrinos 0750
80%
Électrik Luminaire Câblifère 0796
80%
InsecteCombat Gracile Cancrelove 0795
80%
Psy Proto-Étoile Cosmovum 0790
80%
Plante Fruit Croquine 0761
80%
EauPsy Grincedent Denticrisse 0779
80%
FeuTénèbres Vil Catcheur Félinferno 0727
80%
Plante Fauch'Fleur Floramantis 0754
80%
Eau Minipoisson Froussardine 0746
80%
NormalPsy Grand Sage Gouroutan 0765
80%
PlanteAcier Battô Katagami 0798
80%
Insecte Larve Larvibule 0736
80%
AcierFée Artificiel Magearna 0801
80%
PoisonFeu Toxilézard Malamandre 0758
80%
PoisonDragon Vénépic Mandrillon 0804
80%
Normal Patrouille Manglouton 0734
80%
CombatSpectre Ombrefuge Marshadow 0802
80%
Plante Fauch'Herbe Mimantis 0753
80%
InsecteCombat Enflé Mouscoto 0794
80%
Psy Prisme Necrozma 0800
80%
NormalVol Bec Clairon Piclairon 0732
80%
FeuVol Danse Plumeline 0741
80%
PoisonEau Cruel Prédastérie 0748
80%
Roche Chiot Rocabot 0744
80%
InsecteFée Bombyle Rubombelle 0743
80%
Normal Multigénome Silvallié 0773
80%
Plante Fruit Sucreine 0763
80%
Sol Âne Tiboudet 0749
80%
ÉlectrikFée Tutélaire Tokorico 0785
80%
Normal Multigénome Type:0 0772
80%
Poison Vénépic Vémini 0803
80%
PoisonEau Cruel Vorastérie 0747
80%
Électrik Vif Éclair Zeraora 0807
80%
RochePoison Parasite Zéroïd 0793
80%
Normal Filature Argouste 0735
60%
SpectreSol Pâtéd'Sable Bacabouh 0769
60%
Plante Fruit Candine 0762
60%
NormalCombat Biscoteaux Chelours 0760
60%
Plante Fée Luminescent Lampignon 0756
60%
NormalCombat Gigoteur Nounourson 0759
60%
InsecteEau Blindé Sarmuraï 0768
60%
SpectrePlante Varech Sinistrail 0781
60%
PlanteFée Luminescent Spododo 0755
60%
Eau Holothurie Concombaffe 0771
40%
FeuSpectre Artificier Pierroteknik 0806
40%
Combat Coopération Quartermac 0766
40%
Aucun quiz correspondant
Distribution des résultats
% des personnes avec chaque résultat
Percentile par nombre de réponses
Votre historique - résultats
Vous n’avez pas pris ce quiz